|
|
|
|
| LEADER |
01539cas a2200421 a 4500 |
| 001 |
11264868 |
| 003 |
BD-DhAAL |
| 005 |
20231009101344.0 |
| 008 |
830727c19819999bg fr p 0 a0eng |
| 010 |
|
|
|a 82913745
|
| 022 |
|
|
|a 1607-2278
|2 0
|
| 035 |
|
|
|a (OCoLC)ocm09744192
|
| 040 |
|
|
|a DLC
|b eng
|c DLC
|d NST
|d DLC
|d OCLCQ
|d OCLCO
|d OCLCF
|d OCLCO
|d BD-DhAAL
|
| 042 |
|
|
|a pcc
|
| 050 |
0 |
0 |
|a B1
|b .P5725
|
| 082 |
0 |
|
|a 105
|2 19
|
| 210 |
0 |
|
|a Philos. prog.
|
| 222 |
|
0 |
|a Philosophy and progress
|
| 245 |
0 |
0 |
|a Philosophy and progress.
|
| 260 |
|
|
|a Dacca, Bangladesh :
|b Dev Centre for Philosophical Studies, Dacca University,
|c [1981]-
|
| 300 |
|
|
|a volumes ;
|c 22 cm
|
| 310 |
|
|
|a Semiannual
|
| 362 |
0 |
|
|a July 1981-
|
| 500 |
|
|
|a Issue for July 1981 called "inaugural vol."
|
| 590 |
|
|
|a SERBIB/SERLOC merged record
|
| 650 |
|
0 |
|a Philosophy
|v Periodicals.
|9 55671
|
| 650 |
|
0 |
|a Religion
|x Philosophy.
|9 18643
|
| 650 |
|
7 |
|a Philosophy.
|2 fast
|
| 650 |
|
7 |
|a Religion
|x Philosophy.
|2 fast
|9 18643
|
| 655 |
|
7 |
|a Periodicals.
|2 fast
|
| 710 |
2 |
|
|a Dev Centre for Philosophical Studies.
|9 55672
|
| 775 |
0 |
8 |
|i Bengali version:
|t Darśana o pragati
|x 1607-0380
|
| 776 |
0 |
8 |
|i Online version:
|t Philosophy and progress
|w (OCoLC)647426137
|
| 850 |
|
|
|a CU
|a DLC
|a ICRL
|
| 906 |
|
|
|a 7
|b cbc
|c serials
|d 3
|e ncip
|f 19
|g n-oclcserc
|
| 942 |
|
|
|2 ddc
|c CR
|s 1
|
| 999 |
|
|
|c 46212
|d 46212
|
| 952 |
|
|
|0 0
|1 0
|2 ddc
|4 0
|7 1
|8 REF
|9 74537
|a BRACUL
|b BRACUL
|c REF
|d 2023-10-09
|e Professor Nasrin Khandakar, DU
|h Vol. XXVIII , December 2000
|l 0
|p 302009840514972
|r 2023-10-09
|w 2023-10-09
|y CR
|